000
00292nam a22000857a 4500
999
_c
11409
_d
11409
008
190416b ||||| |||| 00| 0 eng d
020
_a
9789388203203
100
_9
7141
_a
BEST BOOK PUBLISHING HOUSE
245
_a
MATHEMATICS CLASS XII CBSE SAMPLE PAPERS WITH SOLUTIONS& MODELTEST PAPERS FOR REVISION